Environmental science : (Record no. 22176)
[ view plain ]
| 000 -LEADER | |
|---|---|
| fixed length control field | 00651cam a22002418a 4500 |
| 020 ## - INTERNATIONAL STANDARD BOOK NUMBER | |
| ISBN | 0072439564 (pbk.) |
| 020 ## - INTERNATIONAL STANDARD BOOK NUMBER | |
| ISBN | 9780072439564 (pbk.) |
| 020 ## - INTERNATIONAL STANDARD BOOK NUMBER | |
| ISBN | 0071111123 |
| 020 ## - INTERNATIONAL STANDARD BOOK NUMBER | |
| ISBN | 9780071111126 |
| 040 ## - CATALOGING SOURCE | |
| Transcribing agency | UKM |
| 082 ## - DEWEY DECIMAL CLASSIFICATION NUMBER | |
| Classification number | 333 WIL 2005 C314 Or. |
| 100 1# - MAIN ENTRY--AUTHOR NAME | |
| Personal name | Cunningham, William P. |
| 245 10 - TITLE STATEMENT | |
| Title | Environmental science : |
| Remainder of title | a global concern / |
| 250 ## - EDITION STATEMENT | |
| Edition statement | 8th ed. |
| 260 ## - PUBLICATION, DISTRIBUTION, ETC. (IMPRINT) | |
| Place of publication | New York ; |
| -- | London : |
| Name of publisher | McGraw-Hill, |
| Year of publication | 2004. |
| 300 ## - PHYSICAL DESCRIPTION | |
| Number of Pages | 1 v. |
| 500 ## - GENERAL NOTE | |
| General note | Previous ed.: 2003. |
| 500 ## - GENERAL NOTE | |
| General note | Includes index. |
| 650 #0 - SUBJECT ADDED ENTRY--TOPICAL TERM | |
| Topical Term | Environmental sciences. |
| 700 1# - ADDED ENTRY--PERSONAL NAME | |
| Personal name | Cunningham, Mary Ann. |
| 700 1# - ADDED ENTRY--PERSONAL NAME | |
| Personal name | Saigo, Barbara Woodworth. |
| 942 ## - ADDED ENTRY ELEMENTS (KOHA) | |
| Koha item type | ឯកសារស្រាវជ្រាវ |
No items available.